| 000 | 00569nam a2200169Ia 4500 | ||
|---|---|---|---|
| 008 | 151213s9999 xx 000 0 und d | ||
| 020 | _a9848309174-5 | ||
| 100 | _aরবীন্দ্রনাথ ঠাকুর | ||
| 245 |
_aসঞ্চয়িতা _cরবীন্দ্রনাথ ঠাকুর |
||
| 250 | _a১ম সং | ||
| 260 |
_aঢাকা _bতোফাজ্জল হোসেন _c2010 |
||
| 300 | _a8347 p. | ||
| 650 | _aBangla | ||
| 650 | _aকবিতা | ||
| 700 | _aরবীন্দ্রনাথ ঠাকুর | ||
| 999 |
_c4187 _d4187 |
||